00532nam a2200145 a 450000100100000000500170001000800410002704000250006808200140009324501550010726000420026230000280030470000230033270000310035500003720620200930080216.0120305s1968 cl a 000 0 spa d aDO-SdBNPbspacBNPHU axxxxbE8200aEstrellas y nubes en la vía léctea. :bestructura y movimiento de nuestra galaxia /ctraducción Eduardo Goligorsky ; prefacio Lou Williams Page. aSantiago de Chile, :bPomaire,c1968. a377 p. :bil. ;c22 cm.1 aWilliams Page, Lou1 aGoligorsky, Eduardoetrad.